Put a Face to That Name (TV) Quiz Stats

 Plays Quiz Updated Aug 24, 2018

Score 0/20 Timer 05:00
1 Play Today
Question Answer Wrong Answers
Phoebe Buffay Phoebe
96.6%
Amy Green
0.6%
Jill Green
1%
Rachel Green
1.6%
Sheldon Cooper Sheldon
96.2%
Leonard Hofstadter
1.9%
Howard Wolowitz
0.9%
Raj Koothrappali
0.2%
Gregory House House
95%
James Wilson
1.1%
Doug Ross
1.8%
Derek Shepherd
1.5%
Buffy Summers Buffy
92.8%
Veronica Mars
2.6%
Betty Cooper
2.9%
Penny
0.9%
Tony Soprano Tony
92.8%
Walter White
0.5%
Pablo Escobar
3.5%
Kevin Malone
2.4%
Walter White Walter
92.7%
Saul Goodman
2.7%
Tony Soprano
2.2%
Jessie Pinkman
2%
Al Bundy Al
88.6%
Archie Bunker
4%
Danny Tanner
2.8%
Jesse Kastopolis
2.8%
Barney Stinson Barney
88%
Barney the Dinosaur
6.3%
Marshall Eriksen
2.7%
Ted Mosby
2%
Carrie Bradshaw Carrie
87.4%
Charlotte York Goldenblatt
2.8%
Samantha Jones
3.8%
Miranda Hobbes
4.2%
Dana Scully Scully
87%
Sara Sidle
5.2%
Holly Gribbs
2.9%
Carrie Wells
3.9%
Ally McBeal Ally
85.1%
Elaine Vassal
3.7%
Leslie Knope
4.9%
Nelle Porter
5%
George Costanza George
83.1%
Kramer
7.4%
Drew Carey
5.6%
Leonard Hofstadter
2.2%
Michael Scott Michael
82.2%
Dwight Schrute
6.7%
Kevin Malone
2.7%
Jim Halpert
6.4%
Leslie Knope Leslie
78.4%
Jan Levinson
5%
Jenna Maroney
7.8%
Liz Lemon
6.6%
Archie Bunker Archie
76.9%
Frasier Crane
5.6%
Al Bundy
10.8%
Mr Heckles
5.1%
Sansa Stark Sansa
65.5%
Cheryl Blossom
5.1%
Arya Stark
17.7%
Margaery Tyrell
9.9%
Olivia Benson Olivia
63.6%
Leyla Harrison
6%
Maura Isles
10.2%
Kate Beckett
18.4%
Michelle Tanner Michelle
62.4%
DJ Tanner
18.1%
Stephanie Tanner
11.8%
Kimmy Gibbler
5.6%
Dale Cooper Dale
52.6%
Rustin Cohle
14.6%
Mac Taylor
20.6%
Fox Mulder
9.6%
Amy Pond Amy
50.8%
Donna Noble
18%
Rose Tyler
19.9%
Martha Jones
8.6%

You're not logged in!

Compare scores with friends on all Sporcle quizzes.
OR
Log In

Sporcle TV

Today on Sporcle TV


Watch our educational content, quiz creation guides, and fun videos on Sporcle TV.

Show Comments

Extras

Top Quizzes Today


Score Distribution

Your Account Isn't Verified!

In order to create a playlist on Sporcle, you need to verify the email address you used during registration. Go to your Sporcle Settings to finish the process.

Report this User

Report this user for behavior that violates our Community Guidelines.

Details: